000 00701nam a22002171 4500
001 105160
003 ES-MaACL
005 20250728113739.0
007 t|
008 060615s1964 sp ||||0| spa d
016 7 _zIND9200523260
040 _aM-BN
_bspa
_cA2
080 _a29(091)
100 1 _aLópez Martínez, Pío.
_973764
245 1 3 _aLa historia de las religiones en el pensamiento español del siglo XIX
_b: Tesis doctoral /
_cPío López Martínez.
260 _aMadrid :
_bFacultad de Filosofía y Letras,
_c1964 (
_fCóndor)
300 _a36 p ;
_c19 cm.
650 1 4 _aReligiones-
_xHistoria
_916823
852 _aES-MaACL
_j2044-F-1
_bR.55163
999 _c105160
_d105160